书目信息 |
| 题名: |
电工与电子技术
|
|
| 作者: | 梁艳 , 苏圣超 , 蒲永红 主编 | |
| 分册: | ||
| 出版信息: | 北京 清华大学出版社 2013 |
|
| 页数: | 13,195页 | |
| 开本: | 26cm | |
| 丛书名: | ||
| 单 册: | ||
| 中图分类: | TM-43 , TN01 | |
| 科图分类: | ||
| 主题词: | 电工技术--教材 , 电子技术--教材 , 电工技术 , 电子技术 | |
| 电子资源: | ||
| ISBN: | 978-7-302-34125-3 | |
| 000 | 01069nam0 22003131 450 | |
| 001 | 524 | |
| 005 | 20140910085343.71 | |
| 010 | @a978-7-302-34125-3@dCNY29.80 | |
| 100 | @a20140210d2013 em y0chiy50 ea | |
| 101 | 0 | @achi |
| 102 | @aCN@b110000 | |
| 105 | @aa z 000yy | |
| 106 | @ar | |
| 200 | 1 | @a电工与电子技术@ADian Gong Yu Dian Zi Ji Shu@f梁艳,苏圣超,蒲永红主编@FLiang Yan, Su Sheng Chao, Pu Yong Hong Zhu Bian |
| 210 | @a北京@c清华大学出版社@d2013 | |
| 215 | @a13,195页@c图@d26cm | |
| 300 | @a卓越工程师教育培养计划配套教材·工程基础系列 | |
| 330 | @a本书包含的内容有电路分析基础,正弦交流电路,分立元器件基本电路,组合逻辑电路,时序逻辑电路,集成运算放大器。 | |
| 606 | 0 | @a电工技术@j教材 |
| 606 | 0 | @a电子技术@j教材 |
| 606 | 0 | @a电工技术 |
| 606 | 0 | @a电子技术 |
| 690 | @aTM-43@v5 | |
| 690 | @aTN01@v5 | |
| 701 | 0 | @a梁艳@ALiang Yan@g(女,@f1976~)@4主编 |
| 701 | 0 | @a苏圣超@ASu Sheng Chao@f(1979~)@4主编 |
| 701 | 0 | @a蒲永红@APu Yong Hong@g(女,@f1976~)@4主编 |
| 801 | 0 | @aCN@bTANGWEI@c20140603 |
| 905 | @b0836250-52@dTM-43@e67@f3 | |
| 电工与电子技术/梁艳,苏圣超,蒲永红主编.-北京:清华大学出版社,2013 |
| 13,195页:图;26cm |
| 卓越工程师教育培养计划配套教材·工程基础系列 |
| ISBN 978-7-302-34125-3:CNY29.80 |
| 本书包含的内容有电路分析基础,正弦交流电路,分立元器件基本电路,组合逻辑电路,时序逻辑电路,集成运算放大器。 |
| ● |
| 相关链接 |
|
|
|
|
正题名:电工与电子技术
索取号:TM-43/67
 
预约/预借
| 序号 | 登录号 | 条形码 | 馆藏地/架位号 | 状态 | 备注 |
| 1 | 0836250 | 208362500 | 第二样本阅览室/ [索取号:TM-43/67] | 在馆 | |
| 2 | 0836251 | 208362519 | 第三借阅区/ [索取号:TM-43/67] | 在馆 | |
| 3 | 0836252 | 208362528 | 密集书库-物理学院/ [索取号:TM-43/67] | 在馆 |